Logistics engineering and management
Αποθηκεύτηκε σε:
| Κύριος συγγραφέας: | |
|---|---|
| Μορφή: | Βιβλίο |
| Γλώσσα: | English |
| Δημοσίευση: |
Englewood Cliffs, N.J. :
Prentice-Hall,
c1992
|
| Έκδοση: | 4th ed. |
| Σειρά: | Prentice Hall international series in industrial and systems engineering
|
| Θέματα: | |
| Ετικέτες: |
Προσθήκη ετικέτας
Δεν υπάρχουν, Καταχωρήστε ετικέτα πρώτοι!
|
MARC
| LEADER | 00000cam a2200000 i 4500 | ||
|---|---|---|---|
| 001 | 1/28900 | ||
| 008 | 950726s1992 eng d | ||
| 020 | |a 0135288290 | ||
| 035 | |l 10023120 | ||
| 040 | |a GR-MY-UA |b gre |e aacr | ||
| 041 | 0 | |a eng | |
| 082 | 0 | |a 658.7 |2 (20) | |
| 100 | 1 | |a Blanchard, Benjamin S. | |
| 245 | 1 | 0 | |a Logistics engineering and management / |c Benjamin S. Blanchard |
| 250 | |a 4th ed. | ||
| 260 | |a Englewood Cliffs, N.J. : |b Prentice-Hall, |c c1992 | ||
| 300 | |a xvii, 556 p.; |b ill.; |c 25 cm | ||
| 490 | 1 | |a Prentice-Hall international series in industrial and systems engineering | |
| 504 | |a Includes bibliographical references (p. 531-544) and index | ||
| 650 | 0 | 0 | |a Systems engineering. |
| 650 | 0 | 0 | |a Logistics. |
| 830 | 0 | |a Prentice Hall international series in industrial and systems engineering | |
| 852 | |a INST |b CHIOS |e 19950726 |h 658.7 BLA |p 005200004146 |q 005200004146 |t BK |y 0 | ||
| 909 | |a Χ |b 032339 | ||